Normal view
MARC view
Entry Personal Name
001 - CONTROL NUMBER
- control field: 20081
003 - CONTROL NUMBER IDENTIFIER
- control field: ARRUPE
005 - DATE AND TIME OF LATEST TRANSACTION
- control field: 20151006155506.0
008 - FIXED-LENGTH DATA ELEMENTS
- fixed length control field: 151006|| aca||aabn | a|a d
040 ## - CATALOGING SOURCE
- Original cataloging agency: ARRUPE
- Transcribing agency: ARRUPE
100 ## - HEADING--PERSONAL NAME
- Personal name: Livingston, Julie.
670 ## - SOURCE DATA FOUND
- Source citation: Work cat.: (ARRUPE)0: Livingston, Julie., Debility and the moral imagination in Botswana, c2005.